[Event "OEISM 0818 BLMM"]
[Site "austriablmm"]
[Date "2020.12.12"]
[Round "2"]
[White "Schragerlaufer"]
[Black "Viczekata"]
[Result "0-1"]
[WhiteElo "1381"]
[BlackElo "1864"]
[Annotator "NA RC"]
[PlyCount "62"]
[EventDate "2020.12.12"]
[EventType "blitz"]

1. e4 {[%emt 0:00:24]} c5 {[%emt 0:00:02]} 2. c3 {[%emt 0:00:02]} d5 {[%emt 0:00:03]} 3. Bb5+ {[%emt 0:00:43]} Bd7 {[%emt 0:00:09]} 4. Bxd7+ {[%emt 0:00:02]} Qxd7 {[%emt 0:00:01]} 5. exd5 {[%emt 0:00:37]} Qxd5 {[%emt 0:00:02]} 6. Nf3 {[%emt 0:00:02]} Nf6 {[%emt 0:00:03]} 7. d4 {[%emt 0:00:08]} Nc6 {[%emt 0:00:02]} 8. O-O {[%emt 0:00:23]} e6 {[%emt 0:00:03]} 9. Re1 {[%emt 0:00:43]} Be7 {[%emt 0:00:04]} 10. dxc5 {[%emt 0:00:22]} Bxc5 {[%emt 0:00:18]} 11. Qxd5 {[%emt 0:00:20]} Nxd5 {[%emt 0:00:02]} 12. c4 {[%emt 0:00:14]} Ndb4 {[%emt 0:00:08]} 13. Na3 {[%emt 0:00:26]} Nd3 {[%emt 0:00:06]} 14. Rd1 {[%emt 0:00:26]} Nxf2 {[%emt 0:00:05]} 15. Rf1 {[%emt 0:01:28]} Nd3+ {[%emt 0:00:12]} 16. Kh1 {[%emt 0:00:09]} Nxc1 {[%emt 0:00:01]} 17. Raxc1 {[%emt 0:00:03]} O-O {[%emt 0:00:02]} 18. Nb5 {[%emt 0:00:15]} a6 {[%emt 0:00:07]} 19. Nc3 {[%emt 0:00:05]} Rfd8 {[%emt 0:00:04]} 20. Rcd1 {[%emt 0:00:02]} Nb4 {[%emt 0:00:11]} 21. a3 {[%emt 0:00:24]} Nd3 {[%emt 0:00:03]} 22. Ne1 {[%emt 0:00:29]} Nf2+ {[%emt 0:00:04]} 23. Kg1 {[%emt 0:00:13]} Nxd1+ {[%emt 0:00:02]} 24. Kh1 {[%emt 0:00:02]} Nxc3 {[%emt 0:00:02]} 25. bxc3 {[%emt 0:00:02]} Rd1 {[%emt 0:00:01]} 26. h3 {[%emt 0:00:09]} Bf2 {[%emt 0:00:02]} 27. Nf3 {[%emt 0:00:02]} Rxf1+ {[%emt 0:00:02]} 28. Kh2 {[%emt 0:00:01]} Rd8 {[%emt 0:00:04]} 29. g3 {[%emt 0:00:13]} Rdd1 {[%emt 0:00:05]} 30. Kg2 {[%emt 0:00:07]} Bc5 {[%emt 0:00:05]} 31. Ne5 {[%emt 0:00:07]} Rf2# {[%emt 0:00:01] Mate Mate} 0-1

[Event "OEISM 0818 BLMM"]
[Site "austriablmm"]
[Date "2020.12.12"]
[Round "2"]
[White "Jeremia07"]
[Black "Jorei"]
[Result "0-1"]
[WhiteElo "1226"]
[BlackElo "1722"]
[Annotator "NA RC"]
[PlyCount "44"]
[EventDate "2020.12.12"]
[EventType "blitz"]

1. e4 {[%emt 0:00:04]} e5 {[%emt 0:00:02]} 2. Nf3 {[%emt 0:00:03]} Nc6 {[%emt 0:00:02]} 3. Nc3 {[%emt 0:00:03]} Nf6 {[%emt 0:00:03]} 4. Bb5 {[%emt 0:00:04]} a6 {[%emt 0:00:05]} 5. Bc4 {[%emt 0:00:04]} Bc5 {[%emt 0:00:06]} 6. d3 {[%emt 0:00:02]} d6 {[%emt 0:00:07]} 7. O-O {[%emt 0:00:03]} Bg4 {[%emt 0:00:07]} 8. Bg5 {[%emt 0:00:10]} Nd4 {[%emt 0:00:04]} 9. Nd5 {[%emt 0:00:09]} Nxf3+ {[%emt 0:00:11]} 10. gxf3 {[%emt 0:00:04]} Bh3 {[%emt 0:00:02]} 11. Re1 {[%emt 0:00:03]} h6 {[%emt 0:00:32]} 12. Bh4 {[%emt 0:00:06]} g5 {[%emt 0:00:07]} 13. Bg3 {[%emt 0:00:02]} Nxd5 {[%emt 0:00:03]} 14. exd5 {[%emt 0:00:07]} Qf6 {[%emt 0:00:29]} 15. Re4 {[%emt 0:00:10]} O-O-O {[%emt 0:00:11]} 16. a3 {[%emt 0:00:17]} h5 {[%emt 0:00:23]} 17. b4 {[%emt 0:00:41]} Bd4 {[%emt 0:00:02]} 18. c3 {[%emt 0:00:11]} Bxc3 {[%emt 0:00:03]} 19. Rc1 {[%emt 0:00:15]} Bd4 {[%emt 0:00:05]} 20. Re2 {[%emt 0:00:49]} Qxf3 {[%emt 0:00:03]} 21. Qf1 {[%emt 0:00:24]} Bxf1 {[%emt 0:00:03]} 22. Kxf1 {[%emt 0:00:02]} Qh1# {[%emt 0:00:03] Mate Mate} 0-1

[Event "OEISM 0818 BLMM"]
[Site "austriablmm"]
[Date "2020.12.12"]
[Round "3"]
[White "Konstantin Peyrer"]
[Black "Miriamk"]
[Result "1-0"]
[WhiteElo "2244"]
[BlackElo "1555"]
[Annotator "TA"]
[PlyCount "53"]
[EventDate "2020.12.12"]
[EventType "blitz"]

{[%evp 9,53,7,29,10,14,10,22,17,54,22,72,76,72,41,81,87,163,168,154,132,129,128,139,141,137,130,129,108,125,126,145,152,156,138,133,132,139,113,197,187,335,170,583,570,745,588]} 1. Nf3 Nf6 2. g3 e6 3. Bg2 d5 4. O-O Nbd7 5. c4 Be7 6. b3 {A07: Réti Opening: New York and Capablanca Systems.} c5 7. cxd5 exd5 8. d4 {The position is equal.} O-O 9. Bb2 Nb6 10. dxc5 Bxc5 {[#]} 11. Na3 $146 ({Predecessor:} 11. Nc3 Re8 12. Rc1 Qe7 13. Nd4 a6 14. a4 a5 15. Ncb5 Bg4 16. Rxc5 Qxc5 17. Ba3 Qc8 18. Nd6 Qd7 19. Nxe8 Rxe8 {1-0 (51) Salminen,J (2016)-Koskinen,A Finland 2007}) 11... Re8 12. Rc1 Bf8 (12... Ne4 $16) 13. Nb5 $18 Bd6 14. Nxd6 Qxd6 15. Nd4 {And now Nb5 would win.} a6 16. Qd3 Bg4 17. h3 Bd7 18. Rc2 Rac8 19. Rfc1 Qe7 20. e3 Ne4 21. Rxc8 Rxc8 22. Rxc8+ Nxc8 23. Qc2 Qe8 (23... Qd6 $16 24. Bxe4 dxe4) 24. Qc7 Ncd6 (24... b5 $142 25. Qb7 Ne7 26. Qxa6 Qb8) 25. Ba3 (25. f3 $142) 25... Qe7 $2 {[#]} (25... Nb5 {is a better chance.} 26. Nxb5 axb5 27. Qxb7 Bc6) 26. Bxe4 Ne8 27. Bxe7 {Weighted Error Value: White=0.21/Black=0.76} 1-0

[Event "OEISM 0818 BLMM"]
[Site "austriablmm"]
[Date "2020.12.12"]
[Round "3"]
[White "Jakob19"]
[Black "Beckenbauer23"]
[Result "0-1"]
[WhiteElo "2032"]
[BlackElo "2086"]
[Annotator "NA RC"]
[PlyCount "94"]
[EventDate "2020.12.12"]
[EventType "blitz"]

1. d4 {[%emt 0:00:02]} Nf6 {[%emt 0:00:04]} 2. Bg5 {[%emt 0:00:02]} c5 {[%emt 0:00:08]} 3. d5 {[%emt 0:00:05]} Qb6 {[%emt 0:00:10]} 4. Nc3 {[%emt 0:00:09]} Qxb2 {[%emt 0:00:03]} 5. Bd2 {[%emt 0:00:01]} Qb6 {[%emt 0:00:04]} 6. e4 {[%emt 0:00:01]} d6 {[%emt 0:00:02]} 7. f4 {[%emt 0:00:01]} g6 {[%emt 0:00:08]} 8. e5 {[%emt 0:00:02]} Nfd7 {[%emt 0:00:11]} 9. Nf3 {[%emt 0:00:34]} Bg7 {[%emt 0:00:31]} 10. Rb1 {[%emt 0:00:03]} Qd8 {[%emt 0:00:44]} 11. e6 {[%emt 0:00:43]} fxe6 {[%emt 0:00:06]} 12. Ng5 {[%emt 0:00:09]} Nf6 {[%emt 0:00:35]} 13. Bb5+ {[%emt 0:00:07]} Kf8 {[%emt 0:00:16]} 14. dxe6 {[%emt 0:00:10]} a6 {[%emt 0:00:29]} 15. Nf7 {[%emt 0:00:18]} Qc7 {[%emt 0:01:11]} 16. Bc4 {[%emt 0:01:20]} b5 {[%emt 0:00:39]} 17. Nd5 {[%emt 0:01:15]} Qb7 {[%emt 0:00:33]} 18. Nxf6 {[%emt 0:01:47]} Bxf6 {[%emt 0:00:05]} 19. O-O {[%emt 0:00:34]} Rg8 {[%emt 0:00:15]} 20. f5 {[%emt 0:00:06]} Ke8 {[%emt 0:00:20]} 21. Bf4 {[%emt 0:00:11]} gxf5 {[%emt 0:00:36]} 22. Bd5 {[%emt 0:00:03]} Bd4+ {[%emt 0:00:03]} 23. Qxd4 {[%emt 0:00:05]} cxd4 {[%emt 0:00:00]} 24. Bxb7 {[%emt 0:00:03]} Bxb7 {[%emt 0:00:01]} 25. g3 {[%emt 0:00:02]} Be4 {[%emt 0:00:21]} 26. Bxd6 {[%emt 0:00:07]} exd6 {[%emt 0:00:09]} 27. Nxd6+ {[%emt 0:00:00]} Ke7 {[%emt 0:00:00]} 28. Nxf5+ {[%emt 0:00:03]} Bxf5 {[%emt 0:00:03]} 29. Rxf5 {[%emt 0:00:00]} Kxe6 {[%emt 0:00:13]} 30. Rh5 {[%emt 0:00:06]} Rg7 {[%emt 0:00:38]} 31. Re1+ {[%emt 0:00:04]} Kd6 {[%emt 0:00:07]} 32. Re8 {[%emt 0:00:04]} Kc7 {[%emt 0:00:25]} 33. Rf5 {[%emt 0:00:12]} Kb7 {[%emt 0:00:04]} 34. Rff8 {[%emt 0:00:01]} a5 {[%emt 0:00:08]} 35. Kf2 {[%emt 0:00:04]} Rc7 {[%emt 0:00:12]} 36. Ke2 {[%emt 0:00:18]} Rxc2+ {[%emt 0:00:04]} 37. Kd3 {[%emt 0:00:00]} Rc7 {[%emt 0:00:04]} 38. Rd8 {[%emt 0:00:11]} b4 {[%emt 0:00:04]} 39. g4 {[%emt 0:00:13]} a4 {[%emt 0:00:03]} 40. Rxd4 {[%emt 0:00:05]} Nc6 {[%emt 0:00:03]} 41. Rxa8 {[%emt 0:00:03]} Kxa8 {[%emt 0:00:00]} 42. Rd5 {[%emt 0:00:05]} Kb7 {[%emt 0:00:04]} 43. g5 {[%emt 0:00:08]} Kb6 {[%emt 0:00:03]} 44. h4 {[%emt 0:00:04]} b3 {[%emt 0:00:22]} 45. Rf5 {[%emt 0:00:09]} b2 {[%emt 0:00:11]} 46. Rf1 {[%emt 0:00:01]} Nb4+ {[%emt 0:00:01]} 47. Kd4 {[%emt 0:00:02]} Rc1 {[%emt 0:00:05] Jakob19 resigns} 0-1

[Event "OEISM 0818 BLMM"]
[Site "austriablmm"]
[Date "2020.12.12"]
[Round "3"]
[White "Sebsep1"]
[Black "David04"]
[Result "1/2-1/2"]
[WhiteElo "2029"]
[BlackElo "2003"]
[Annotator "NA RC"]
[PlyCount "49"]
[EventDate "2020.12.12"]
[EventType "blitz"]

1. Nf3 {[%emt 0:00:01]} Nf6 {[%emt 0:00:04]} 2. g3 {[%emt 0:00:03]} g6 {[%emt 0:00:01]} 3. Bg2 {[%emt 0:00:01]} Bg7 {[%emt 0:00:00]} 4. O-O {[%emt 0:00:01]} O-O {[%emt 0:00:00]} 5. c4 {[%emt 0:00:04]} d5 {[%emt 0:00:03]} 6. cxd5 {[%emt 0:00:14]} Nxd5 {[%emt 0:00:02]} 7. Nc3 {[%emt 0:00:01]} Nxc3 {[%emt 0:00:05]} 8. dxc3 {[%emt 0:00:10]} c6 {[%emt 0:00:14]} 9. Bf4 {[%emt 0:00:05]} Nd7 {[%emt 0:00:31]} 10. Qb3 {[%emt 0:01:01]} Qb6 {[%emt 0:00:24]} 11. Rfd1 {[%emt 0:00:20]} Nc5 {[%emt 0:00:22]} 12. Qa3 {[%emt 0:00:02]} Ne4 {[%emt 0:01:07]} 13. Be3 {[%emt 0:00:11]} Qc7 {[%emt 0:00:04]} 14. Nd4 {[%emt 0:00:13]} Nf6 {[%emt 0:00:15]} 15. Nf3 {[%emt 0:02:05]} Nd5 {[%emt 0:00:22]} 16. Bd4 {[%emt 0:00:07]} e5 {[%emt 0:00:50]} 17. Bc5 {[%emt 0:00:11]} Re8 {[%emt 0:00:40]} 18. e4 {[%emt 0:00:09]} Nf6 {[%emt 0:00:55]} 19. Bd6 {[%emt 0:00:11]} Qb6 {[%emt 0:00:02]} 20. Nxe5 {[%emt 0:00:22]} Nxe4 {[%emt 0:01:17]} 21. Bxe4 {[%emt 0:00:17]} Bxe5 {[%emt 0:00:03]} 22. Bf3 {[%emt 0:01:00]} Bh3 {[%emt 0:00:21]} 23. Bc5 {[%emt 0:00:46]} Qc7 {[%emt 0:00:05]} 24. Bg2 {[%emt 0:00:44]} Bxg2 {[%emt 0:00:25]} 25. Kxg2 {[%emt 0:00:00] Sebsep1 offers a draw} 1/2-1/2

[Event "OEISM 0818 BLMM"]
[Site "austriablmm"]
[Date "2020.12.12"]
[Round "3"]
[White "BORRMANN"]
[Black "Schragerlaufer"]
[Result "1-0"]
[WhiteElo "1977"]
[BlackElo "1374"]
[Annotator "TA"]
[PlyCount "73"]
[EventDate "2020.12.12"]
[EventType "blitz"]

{[%evp 10,72,28,25,38,16,38,-6,54,46,177,172,199,187,427,253,440,452,522,523,778,689,677,679,783,787,786,776,775,768,755,736,781,753,1102,1092,1097,1094,1091,1076,1181,1120,1109,1091,1372,1372,1328,1328,1185,1185,1185,1185,1270,1274,29982,29983,29983,29984,29983,29984,29997,29998,29998,29999,29999]} 1. e4 e5 2. Nf3 Nc6 3. Bc4 Nf6 4. d3 h6 5. c3 Bc5 6. Nbd2 d6 {C54: Giuoco Piano: 4 c3 Nf6, main lines with 5 d4 and 5 d3.} 7. Nf1 Be6 8. Bb5 {[#]} Qd7 $146 (8... O-O $11) ({Predecessor:} 8... a6 9. Ba4 Qe7 10. Ng3 g6 11. O-O h5 12. d4 h4 13. Ne2 b5 14. Bc2 Bb6 {1-0 (40) Kadam,O (2114)-Rakshitta,R (2190) chess.com INT 2020}) 9. d4 $14 a6 (9... exd4 $14 10. cxd4 Bb4+ 11. Bd2 Bxd2+ 12. N1xd2 a6 13. Bxc6 bxc6) 10. Bxc6 $18 bxc6 11. dxc5 {aiming for Ng3.} dxc5 $2 (11... Nxe4 {keeps fighting.} 12. cxd6 cxd6) 12. Qxd7+ (12. Qa4 $142) 12... Kxd7 $2 (12... Nxd7 13. Be3 f6) 13. Nxe5+ Kd6 14. Bf4 g5 15. O-O-O+ Ke7 16. Nxc6+ {[%mdl 64] [#] Discovered Attack} Ke8 17. Be5 Nxe4 18. Bxh8 Nxf2 19. Ng3 Nxh1 20. Nxh1 Bg4 21. Re1+ Kd7 22. Ne5+ {[%mdl 64] [#] Double Attack} Kd6 23. Nxg4 Rxh8 24. Ng3 h5 25. Nf5+ Kc6 26. Ne5+ Kb5 27. c4+ Kb6 28. Nxf7 Rf8 29. Re6+ Ka5 30. N5h6 g4 31. Kc2 h4 32. a3 {[%cal Ba2a3,Ba3b4][%mdl 32] White mates.} g3 33. h3 Rb8 34. Kc3 Rf8 35. b4+ cxb4+ 36. axb4+ Ka4 37. Rxa6# {Black did not feel at home in the position after the opening.  Weighted Error Value: White=0.36/Black=0.89} 1-0

[Event "OEISM 0818 BLMM"]
[Site "austriablmm"]
[Date "2020.12.12"]
[Round "3"]
[White "CrushTheRush"]
[Black "Zsofia04"]
[Result "1-0"]
[WhiteElo "1947"]
[BlackElo "1833"]
[Annotator "NA RC"]
[PlyCount "97"]
[EventDate "2020.12.12"]
[EventType "blitz"]

1. e4 {[%emt 0:00:05]} c5 {[%emt 0:00:03]} 2. Nf3 {[%emt 0:00:02]} Nc6 {[%emt 0:00:02]} 3. d4 {[%emt 0:00:01]} cxd4 {[%emt 0:00:02]} 4. Nxd4 {[%emt 0:00:00]} Nf6 {[%emt 0:00:04]} 5. Nc3 {[%emt 0:00:01]} d6 {[%emt 0:00:01]} 6. Be2 {[%emt 0:00:13]} e5 {[%emt 0:00:04]} 7. Nb3 {[%emt 0:00:04]} Be6 {[%emt 0:00:03]} 8. O-O {[%emt 0:00:03]} Be7 {[%emt 0:00:02]} 9. Be3 {[%emt 0:00:01]} O-O {[%emt 0:00:03]} 10. f3 {[%emt 0:00:03]} Rc8 {[%emt 0:00:07]} 11. Qd2 {[%emt 0:00:02]} Qd7 {[%emt 0:00:32]} 12. Rfd1 {[%emt 0:00:02]} Rfd8 {[%emt 0:00:04]} 13. Qe1 {[%emt 0:01:09]} Qe8 {[%emt 0:00:20]} 14. Qf2 {[%emt 0:00:12]} b6 {[%emt 0:00:33]} 15. Ba6 {[%emt 0:00:09]} Rb8 {[%emt 0:00:15]} 16. Bb5 {[%emt 0:00:03]} Rbc8 {[%emt 0:00:17]} 17. Nd5 {[%emt 0:00:06]} Qf8 {[%emt 0:01:01]} 18. Ba6 {[%emt 0:01:37]} Rb8 {[%emt 0:00:18]} 19. c3 {[%emt 0:01:08]} Bc8 {[%emt 0:00:54]} 20. Bxc8 {[%emt 0:00:54]} Rbxc8 {[%emt 0:00:03]} 21. Qe2 {[%emt 0:00:12]} Nd7 {[%emt 0:01:47]} 22. Rd2 {[%emt 0:00:26]} Nc5 {[%emt 0:00:09]} 23. Rad1 {[%emt 0:00:02]} Nxb3 {[%emt 0:00:17]} 24. axb3 {[%emt 0:00:00]} Na5 {[%emt 0:00:19]} 25. Qb5 {[%emt 0:00:05]} Nb7 {[%emt 0:00:47]} 26. Qa6 {[%emt 0:00:16]} Nc5 {[%emt 0:00:20]} 27. Qxa7 {[%emt 0:00:03]} Rd7 {[%emt 0:00:38]} 28. Qa3 {[%emt 0:00:01]} Rb8 {[%emt 0:00:36]} 29. Ra1 {[%emt 0:00:32]} Rdd8 {[%emt 0:00:21]} 30. Bxc5 {[%emt 0:02:02]} dxc5 {[%emt 0:00:19]} 31. Qa7 {[%emt 0:00:13]} Bg5 {[%emt 0:00:22]} 32. Rdd1 {[%emt 0:00:01]} b5 {[%emt 0:00:09]} 33. Qc7 {[%emt 0:00:12]} Re8 {[%emt 0:00:37]} 34. Ra7 {[%emt 0:00:11]} Rbc8 {[%emt 0:00:04]} 35. Qd7 {[%emt 0:00:14]} Rb8 {[%emt 0:00:05]} 36. Qg4 {[%emt 0:00:15]} Bd8 {[%emt 0:00:04]} 37. Rd7 {[%emt 0:00:14]} c4 {[%emt 0:00:03]} 38. b4 {[%emt 0:00:04]} Bb6+ {[%emt 0:00:03]} 39. Kh1 {[%emt 0:00:04]} Bd8 {[%emt 0:00:02]} 40. Ra1 {[%emt 0:00:03]} Bb6 {[%emt 0:00:03]} 41. Nf6+ {[%emt 0:00:02]} Kh8 {[%emt 0:00:02]} 42. Nxe8 {[%emt 0:00:01]} Qxe8 {[%emt 0:00:01]} 43. Rad1 {[%emt 0:00:09]} Ra8 {[%emt 0:00:02]} 44. Qf5 {[%emt 0:00:05]} f6 {[%emt 0:00:04]} 45. h4 {[%emt 0:00:35]} Rd8 {[%emt 0:00:06]} 46. Rxd8 {[%emt 0:00:09]} Bxd8 {[%emt 0:00:01]} 47. Qd7 {[%emt 0:00:01]} Qxd7 {[%emt 0:00:01]} 48. Rxd7 {[%emt 0:00:00]} Bb6 {[%emt 0:00:02]} 49. Rb7 {[%emt 0:00:01] Zsofia04 resigns} 1-0

[Event "OEISM 0818 BLMM"]
[Site "austriablmm"]
[Date "2020.12.12"]
[Round "3"]
[White "Ppe1968"]
[Black "Alexander Hörfarter"]
[Result "1-0"]
[WhiteElo "1915"]
[BlackElo "1384"]
[Annotator "NA RC"]
[PlyCount "45"]
[EventDate "2020.12.12"]
[EventType "blitz"]

1. d4 {[%emt 0:00:15]} d5 {[%emt 0:00:03]} 2. Nf3 {[%emt 0:00:03]} Nf6 {[%emt 0:00:03]} 3. c4 {[%emt 0:00:02]} c6 {[%emt 0:00:06]} 4. g3 {[%emt 0:00:01]} Bf5 {[%emt 0:00:04]} 5. Bg2 {[%emt 0:00:05]} e6 {[%emt 0:00:03]} 6. O-O {[%emt 0:00:01]} Bd6 {[%emt 0:00:03]} 7. Nc3 {[%emt 0:00:02]} Nbd7 {[%emt 0:00:03]} 8. Nd2 {[%emt 0:00:05]} Qe7 {[%emt 0:00:09]} 9. e4 {[%emt 0:00:08]} Bg6 {[%emt 0:00:05]} 10. e5 {[%emt 0:00:02]} Nxe5 {[%emt 0:00:05]} 11. dxe5 {[%emt 0:00:03]} Bxe5 {[%emt 0:00:02]} 12. cxd5 {[%emt 0:00:06]} cxd5 {[%emt 0:00:02]} 13. Qa4+ {[%emt 0:00:09]} Nd7 {[%emt 0:00:05]} 14. Nf3 {[%emt 0:00:25]} Bxc3 {[%emt 0:00:03]} 15. bxc3 {[%emt 0:00:01]} O-O {[%emt 0:00:04]} 16. Ba3 {[%emt 0:00:03]} Qf6 {[%emt 0:00:29]} 17. Bxf8 {[%emt 0:00:04]} Rxf8 {[%emt 0:00:16]} 18. Qxd7 {[%emt 0:00:03]} Qxc3 {[%emt 0:00:03]} 19. Qxb7 {[%emt 0:00:05]} Qc5 {[%emt 0:00:04]} 20. Rac1 {[%emt 0:00:06]} Qa3 {[%emt 0:00:06]} 21. Qb3 {[%emt 0:00:04]} Qa6 {[%emt 0:00:05]} 22. Ne5 {[%emt 0:00:05]} Bd3 {[%emt 0:00:47]} 23. Nxd3 {[%emt 0:00:04] Alexander Hörfarter resigns (Lag: Av=0.24s, max=0.3s)} 1-0

[Event "OEISM 0818 BLMM"]
[Site "austriablmm"]
[Date "2020.12.12"]
[Round "3"]
[White "UrosN"]
[Black "DoHoChess"]
[Result "0-1"]
[WhiteElo "1899"]
[BlackElo "2256"]
[Annotator "TA"]
[PlyCount "86"]
[EventDate "2020.12.12"]
[EventType "blitz"]

{[%evp 9,86,31,33,33,37,37,51,25,26,33,43,-17,86,23,23,23,29,25,23,19,108,103,111,61,174,77,82,74,98,43,35,29,41,0,0,0,0,0,0,0,0,-18,0,0,0,0,0,-326,-326,-326,-326,-725,-718,-699,-693,-1233,-1220,-12833,-12834,-12837,-12836,-12839,-12839,-12841,-12840,-12843,-12831,-29980,-12843,-29981,-29982,-29982,-29983,-29985,-29986,-29987,-29984,-29983,-12842]} 1. d4 e6 2. c4 f5 3. Nc3 Nf6 4. g3 Be7 5. Bg2 d5 6. Nf3 {A91: Classical Dutch: Early Deviations.} Ne4 7. O-O c6 8. Ne5 {White is slightly better.} Nd7 9. Nxd7 {[#]} Qxd7 $146 ({Predecessor:} 9... Bxd7 10. Nxe4 fxe4 11. Bf4 O-O 12. e3 b5 13. c5 a5 14. f3 exf3 15. Bxf3 Be8 {½-½ (46) Ipatov,A (2625)-Rapport,R (2649) Germany 2015}) 10. f3 (10. cxd5 $14 exd5 11. f3 Nxc3 12. bxc3) 10... Nd6 (10... Nxc3 $11 11. bxc3 dxc4) 11. c5 ({White should play} 11. cxd5 $1 $16 cxd5 12. e4) 11... Nf7 $1 $11 12. e4 O-O 13. e5 b6 14. b4 a5 (14... Ba6 $11 {remains equal.}) 15. Na4 $16 ({Of course not} 15. cxb6 $6 axb4 16. Na4 Ba6 $11) 15... Bd8 16. bxa5 Rxa5 (16... bxc5 $1 $14 17. Nxc5 Qa7) 17. Bd2 (17. Nxb6 $18 {is more deadly.} Qb7 18. Nxc8 Qxc8 19. a4) 17... Ra6 18. Bb4 b5 {[#]} 19. Nb2 (19. Nb6 $1 $16 {[%mdl 512]} Bxb6 20. cxb6) 19... f4 $14 20. a4 bxa4 21. Rxa4 fxg3 22. hxg3 Nh6 23. Bh3 Nf5 24. Bxf5 Rxf5 25. Qa1 Rxa4 26. Qxa4 Qb7 27. Nd3 Qa6 28. Qa3 $2 {[%mdl 8192] Black keeps a firm grip on the game.} (28. Nb2 $11) 28... Qxa3 $19 29. Bxa3 Ba6 30. Ne1 $2 (30. Nb4 Bxf1 31. Nxc6) 30... Bxf1 31. Kxf1 {[%mdl 4096] Endgame KRB-KBN} Ba5 32. f4 Bxe1 33. Kxe1 {KR-KB} g5 34. Bc1 gxf4 35. Bxf4 Kg7 36. Kd2 Kg6 37. Ke3 Rf7 38. Kf3 h5 (38... Kh5 $142 39. Ke3 Kg4 40. Bh6 Rf3+ 41. Ke2 Rxg3 42. Bd2 Rg2+ 43. Ke3 {[#]} Rxd2 $1 {[%mdl 512]} 44. Kxd2 Kf3 45. Kd3 h5 46. Kc3 Ke3 47. Kb4 Kxd4 48. Ka5 Kxc5 49. Ka6 d4 50. Kb7 d3 51. Kc8 d2 52. Kd8 d1=Q+ 53. Ke8 h4 54. Ke7 h3 55. Kf7 h2 56. Kxe6 h1=Q 57. Kf5 Qh7+ 58. Kf4 Qh4+ 59. Kf5 Qdg4#) 39. Ke3 Kf5 {Black mates.} 40. Kf3 Rb7 41. Ke3 Rb3+ 42. Kd2 Ke4 43. Kc2 Rf3 {Weighted Error Value: White=0.90/Black=0.24} 0-1

[Event "OEISM 0818 BLMM"]
[Site "austriablmm"]
[Date "2020.12.12"]
[Round "3"]
[White "Viczekata"]
[Black "Viktor09"]
[Result "1/2-1/2"]
[WhiteElo "1866"]
[BlackElo "1691"]
[Annotator "NA RC"]
[PlyCount "101"]
[EventDate "2020.12.12"]
[EventType "blitz"]

1. e4 {[%emt 0:00:02]} c5 {[%emt 0:00:03]} 2. Nf3 {[%emt 0:00:02]} Nc6 {[%emt 0:00:01]} 3. Nc3 {[%emt 0:00:01]} e6 {[%emt 0:00:02]} 4. d4 {[%emt 0:00:01]} cxd4 {[%emt 0:00:01]} 5. Nxd4 {[%emt 0:00:01]} Qc7 {[%emt 0:00:01]} 6. g3 {[%emt 0:00:03]} a6 {[%emt 0:00:02]} 7. Bg2 {[%emt 0:00:01]} Nf6 {[%emt 0:00:02]} 8. O-O {[%emt 0:00:01]} Nxd4 {[%emt 0:00:02]} 9. Qxd4 {[%emt 0:00:03]} Bc5 {[%emt 0:00:01]} 10. Qd1 {[%emt 0:00:08]} O-O {[%emt 0:00:23]} 11. Bf4 {[%emt 0:00:14]} d6 {[%emt 0:00:09]} 12. Na4 {[%emt 0:00:20]} Ne8 {[%emt 0:00:25]} 13. Qe2 {[%emt 0:00:16]} e5 {[%emt 0:00:19]} 14. Bg5 {[%emt 0:00:17]} f6 {[%emt 0:00:24]} 15. Bd2 {[%emt 0:00:03]} Bd7 {[%emt 0:00:04]} 16. Nc3 {[%emt 0:00:11]} Be6 {[%emt 0:00:07]} 17. Rad1 {[%emt 0:00:06]} b5 {[%emt 0:00:21] Viczekata reconnected.} 18. Kh1 {[%emt 0:01:07] Restarted B (13.16e) Restarted W (13.16e) OK OK} Rc8 {[%emt 0:00:26]} 19. f4 {[%emt 0:00:12]} Qb7 {[%emt 0:00:22]} 20. f5 {[%emt 0:00:21]} Bc4 {[%emt 0:00:10]} 21. Qg4 {[%emt 0:00:18]} Bxf1 {[%emt 0:00:08]} 22. Rxf1 {[%emt 0:00:01]} Qf7 {[%emt 0:00:12]} 23. h4 {[%emt 0:00:17]} Nc7 {[%emt 0:00:12]} 24. h5 {[%emt 0:00:03]} Kh8 {[%emt 0:00:07]} 25. Nd1 {[%emt 0:00:20]} d5 {[%emt 0:00:22]} 26. Ne3 {[%emt 0:00:27]} Bxe3 {[%emt 0:00:11]} 27. Bxe3 {[%emt 0:00:02]} d4 {[%emt 0:00:01]} 28. Bd2 {[%emt 0:00:02]} Rfd8 {[%emt 0:00:10]} 29. h6 {[%emt 0:00:09]} g5 {[%emt 0:00:44]} 30. Qh3 {[%emt 0:00:16]} d3 {[%emt 0:00:11]} 31. c3 {[%emt 0:00:02]} Qxa2 {[%emt 0:00:07]} 32. Qh5 {[%emt 0:00:07]} Rd7 {[%emt 0:00:11]} 33. Bxg5 {[%emt 0:00:23]} fxg5 {[%emt 0:00:30]} 34. Qxg5 {[%emt 0:00:04]} Qf7 {[%emt 0:00:01]} 35. f6 {[%emt 0:00:05]} Re8 {[%emt 0:00:15]} 36. Bh3 {[%emt 0:00:08]} Rd6 {[%emt 0:00:19]} 37. Qg7+ {[%emt 0:00:19]} Qxg7 {[%emt 0:00:15]} 38. hxg7+ {[%emt 0:00:01]} Kg8 {[%emt 0:00:01]} 39. f7+ {[%emt 0:00:07]} Kxg7 {[%emt 0:00:01]} 40. fxe8=Q {[%emt 0:00:01]} Nxe8 {[%emt 0:00:01]} 41. Rd1 {[%emt 0:00:08]} Nf6 {[%emt 0:00:01]} 42. Bf5 {[%emt 0:00:05]} Nh5 {[%emt 0:00:17]} 43. Kg2 {[%emt 0:00:02]} a5 {[%emt 0:00:17]} 44. Kf3 {[%emt 0:00:03]} b4 {[%emt 0:00:02]} 45. cxb4 {[%emt 0:00:08]} axb4 {[%emt 0:00:01]} 46. Bg4 {[%emt 0:00:02]} Nf6 {[%emt 0:00:04]} 47. Bf5 {[%emt 0:00:04]} Nh5 {[%emt 0:00:09]} 48. Bg4 {[%emt 0:00:05]} Nf6 {[%emt 0:00:04]} 49. Bf5 {[%emt 0:00:11]} Rd4 {[%emt 0:00:13]} 50. Ke3 {[%emt 0:00:13]} Nh5 {[%emt 0:00:04]} 51. Kf3 {[%emt 0:00:13] Viczekata offers a draw} 1/2-1/2